Sports Quiz

Random Sports Quiz
Score 0/35 Timer 10:00
0 Plays Today
% Correct
Kyle Lowry
100%
Kyle Lowry
100%
Kyle Lowry
98%
Kyle Lowry
97.8%
DeMar DeRozan
97.5%
Kyle Lowry
96.9%
Vince Carter
95.8%
Vince Carter
95.8%
Vince Carter
95.8%
Vince Carter
95.8%
Vince Carter
95.8%
Kawhi Leonard
94.7%
DeMar DeRozan
93.8%
DeMar DeRozan
93.2%
Chris Bosh
92.9%
Chris Bosh
92.9%
Chris Bosh
92.9%
Chris Bosh
92.9%
% Correct
Chris Bosh
92.9%
Chris Bosh
92.9%
Chris Bosh
92.9%
DeMar DeRozan
91.2%
DeMar DeRozan
86.3%
Antonio Davis
65.5%
Andrea Bargnani
63.1%
Andrea Bargnani
63.1%
Jonas Valanciunas
43%
OG Anunoby
42.1%
Morris Peterson
41.7%
Morris Peterson
41.7%
Jamario Moon
17.3%
Charlie Villanueva
13.7%
Jorge Garbajosa
10.7%
Pascal Siakam
0%
Kyle Lowry
0%

You're not logged in!

Compare scores with friends on all Sporcle quizzes.
OR
Log In

Sporcle TV

Today on Sporcle TV


Watch our educational content, quiz creation guides, and fun videos on Sporcle TV.

Show Comments

Extras

Top Quizzes Today


Score Distribution

Paid Content

Your Account Isn't Verified!

In order to create a playlist on Sporcle, you need to verify the email address you used during registration. Go to your Sporcle Settings to finish the process.

Report this User

Report this user for behavior that violates our Community Guidelines.

Details: